Les nouvelles méthodes d'examen du coeur en clinique / (Record no. 95214)

MARC details
000 -LEADER
campo de control de longitud fija 00467nam a2200157 i 4500
001 - NÚMERO DE CONTROL
campo de control 95214
003 - IDENTIFICADOR DE NÚMERO DE CONTROL
campo de control ES-MaACL
005 - FECHA Y HORA DE LA ÚLTIMA TRANSACCIÓN
campo de control 20230906181646.0
007 - CAMPO FIJO DE DESCRIPCIÓN FÍSICA--INFORMACIÓN GENERAL
campo de control de longitud fija t|
008 - DATOS DE LONGITUD FIJA--INFORMACIÓN GENERAL
campo de control de longitud fija 050524s1921 fr ||||1| fre d
100 1# - ENTRADA PRINCIPAL--NOMBRE DE PERSONA
Nombre de persona Lutembacher, René.
9 (RLIN) 74867
245 14 - MENCIÓN DEL TÍTULO
Título Les nouvelles méthodes d'examen du coeur en clinique /
Mención de responsabilidad, etc. René Lutembacher.
260 ## - PUBLICACIÓN, DISTRIBUCIÓN, ETC.
Lugar de publicación, distribución, etc. Poitiers :
Nombre del editor, distribuidor, etc. Société Française d'Imprimerie,
Fecha de publicación, distribución, etc. 1921.
300 ## - DESCRIPCIÓN FÍSICA
Extensión 186 p. ;
Dimensiones 22 cm.
852 ## - LOCALIZACIÓN
Ubicación ES-MaACL
Número de control de estantería B-11254
Holdings
Estatus retirado Estado de pérdida Estado de daño No para préstamo Biblioteca de origen Biblioteca actual Ubicación en estantería Fecha de adquisición Fuente de adquisición Total de préstamos Signatura topográfica completa Código de barras Visto por última vez Precio de reemplazo Tipo de ítem Koha
        Biblioteca del Ateneo de Madrid Biblioteca del Ateneo de Madrid Sala Pardo Bazán 17/01/2008     B-11254 1099426 23/02/2023 23/02/2023 Libro impreso